Patterns (Record no. 106985)
[ view plain ]
| 000 -LEADER | |
|---|---|
| fixed length control field | 01519nam a2200373Ia 4500 |
| 245 00 - TITLE STATEMENT | |
| Title | Patterns |
| 250 ## - EDITION STATEMENT | |
| Edition statement | 1st ed. |
| 260 ## - PUBLICATION, DISTRIBUTION, ETC. (IMPRINT) | |
| Place of publication | Research Triangle Park, NC : |
| Name of publisher | IBM, International Technical Support Organization, |
| Year of publication | 2004. |
| 300 ## - PHYSICAL DESCRIPTION | |
| Number of Pages | xvi, 364 p. : |
| Other physical details | ill. |
| 490 1# - SERIES STATEMENT | |
| Series statement | IBM redbooks |
| 500 ## - GENERAL NOTE | |
| General note | "SG24-6346-00." |
| 650 #0 - SUBJECT ADDED ENTRY--TOPICAL TERM | |
| Topical Term | Electronic commerce |
| Topical Term | Business enterprises |
| Topical Term | Software patterns. |
| Topical Term | Enterprise application integration (Computer systems) |
| 700 1# - ADDED ENTRY--PERSONAL NAME | |
| Personal name | Keen, Martin. |
| 856 40 - ELECTRONIC LOCATION AND ACCESS | |
| Uniform Resource Identifier | http://site.ebrary.com/lib/rucke/Doc?id=10112520 |
No items available.
